LEADER 00972nas 2200373 c 450 001 996210983903316 005 20220217061927.0 035 $a(CKB)1000000000527706 035 $a(DE-599)ZDB2441811-0 035 $a(OCoLC)260173758 035 $a(DE-101)989834638 035 $a(EXLCZ)991000000000527706 100 $a20080731a19799999 |y | 101 0 $ahun 135 $aur||||||||||| 181 $ctxt$2rdacontent 182 $cc$2rdamedia 183 $acr$2rdacarrier 200 00$aHistoria$ea Magyar To?rte?nelmi Ta?rsulat folyo?irata 210 31$aBudapest$cMagyar To?rte?nelmi Ta?rsulat$d1979- 215 $aOnline-Ressource 311 0 $a0139-2409 517 1 $aHistoria 608 $aZeitschrift$2gnd-content 676 $a910 676 $a940 686 $a7,52$a8$2ssgn 801 0$b0007 801 1$bDE-101 801 2$b9999 906 $aJOURNAL 912 $a996210983903316 996 $aHistoria$9487677 997 $aUNISA LEADER 01675nas 2200577- 450 001 9910728698103321 005 20250102194421.0 011 $a2755-0958 035 $a(OCoLC)1322249453 035 $a(CKB)5850000000317538 035 $a(CONSER)--2023231688 035 $a(DE-599)ZDB3161740-2 035 $a(EXLCZ)995850000000317538 100 $a20220511a20239999 o-- - 101 0 $aeng 135 $aur||||||||||| 181 $ctxt$2rdacontent 182 $cc$2rdamedia 183 $acr$2rdacarrier 200 00$aCambridge prisms$iExtinction 210 1$a[Cambridge, England] :$cCambridge University Press,$d[2023]- 215 $a1 online resource 320 $aIncludes bibliographical references. 517 1 $aExtinction 531 10$aCamb Prism Extinct 606 $aExtinction, Biological 606 $aBiodiversity 606 $aExtinction (Biology)$vPeriodicals 606 $aBiodiversity$vPeriodicals 606 $aExtinction (Biologie)$vPériodiques 606 $aBiodiversité$vPériodiques 606 $aBiodiversity$2fast 606 $aExtinction (Biology)$2fast 608 $aPeriodical 608 $aperiodicals.$2aat 608 $aPeriodicals$2fast 608 $aPeriodicals.$2lcgft 608 $aPériodiques.$2rvmgf 615 12$aExtinction, Biological 615 22$aBiodiversity 615 0$aExtinction (Biology) 615 0$aBiodiversity 615 6$aExtinction (Biologie) 615 6$aBiodiversité 615 7$aBiodiversity 615 7$aExtinction (Biology) 676 $a333.9505 906 $aJOURNAL 912 $a9910728698103321 996 $aCambridge Prisms$93570101 997 $aUNINA